| 000 | 00420cam a2200181ua 4500 | ||
|---|---|---|---|
| 020 | _c6.50 | ||
| 041 |
_ahin _h |
||
| 082 |
_a891.54 _bYAN/PR |
||
| 100 | _aYanjdath, Sharma . | ||
| 245 |
_aPrabhandh sagar / _cYanjdath sharma. _hTextual Documents |
||
| 250 |
_a4 / _b. |
||
| 260 |
_a : _bAtmaram and Sons , _c1957. |
||
| 300 | _a501 ; . | ||
| 365 | _a6.50 | ||
| 504 | _a | ||
| 942 | _cBK | ||
| 999 |
_c6439 _d6439 |
||